000 00940nam a2200277 i 4500
003 DO-SdBNP
005 20250627091721.0
007 ta
008 250612b1990 dr abc|| |||| 00| 0 spa d
040 _aDO-SdBNP
_bspa
_cBNPHU
_erda
041 _aspa
082 4 _axxx
_bJ62e
_222
100 _aJoaquín, Lidia,
_eautora
_4aut.
_910502
245 1 0 _aEstudios sociales 8 :
_boctavo grado de primaria /
_cLidia Joaquín, Eleanor Grimaldi, Fidelina Báez
250 _aTercera edición
264 4 _aSanto Domingo :
_bSusaeta Ediciones Dominicanas,
_c©1990.
300 _a183 páginas :
_bilustraciones, mapas y retratos ;
_c25 cm.
336 _atexto
_btxt
_2rdacontent
337 _asin mediación
_bn
_2rdamedia
338 _avolumen
_bnc
_2rdacarrier
590 _aInventariado, 2025/ YL
700 1 _aGrimaldi, Eleanor
_eautora
_4aut.
_956913
700 1 _aBáez, Fidelina,
_eautora
_4aut.
_988094
910 _aYLockward
942 _2ddc
_cLBS1
999 _c59386
_d59386